000 00682nam a2200229Ia 4500
003 OSt
005 20221006151740.0
006 a|||||r|||| 00| 0
007 ta
008 221006b |||||||| |||| 00| 0 eng d
024 _a23,223
037 _bGift, Japan Foundation
_cTextual
040 _aEASL
_cEASL
_beng
041 _2eng
_aeng
100 _aHIDESHIMA K
_9659923
245 0 _aImpact of the oil crises on the economic growth of developing countries
260 _aJapan
_bInternational Development Centre
_c1982
300 _a26p.
_ccm.
700 _a INOUE
_9659924
942 _cTEXL
_2CC
999 _c1091309
_d1091309